Statistiques concernant Mots mêlés 🔍 de Capitales 🌏 - #Asie

Cliquez ici pour prendre le quiz!

Statistiques générales

  • Ce quiz a été pris 360 fois
  • Le résultat moyen est 11 sur 15

Réponses sur la Carte

Les réponses sont colorées sur une échelle allant du rouge au vert en fonction du pourcentage des utilisateurs qui les ont devinées à leur premier essai. Vous pouvez retrouver ces pourcentages ci-dessous.
Chargement ...
 

Statistiques - réponses

Réponse% Correct
Tokyo
99%
Bangkok
96%
Kaboul
95%
Katmandou
94%
Abou Dhabi
93%
Damas
85%
Singapour
85%
Jérusalem
82%
Teheran
78%
Koweït
74%
Sanaa
68%
Dili
40%
Hanoï
34%
Doha
26%
Male
17%

Distribution des résultats

Percentile par nombre de réponses

% des personnes avec chaque résultat

Votre développement - résultats

Vous n’avez pas pris ce quiz